Comentarios al Código Civil y compilaciones forales (Registro nro. 160565)
[ vista simple ]
| 000 -LEADER | |
|---|---|
| fixed length control field | 01318ny a22003253n 4500 |
| 008 - FIXED-LENGTH DATA ELEMENTS--GENERAL INFORMATION | |
| fixed length control field | 050421s2000 sp s 000 0 spa c |
| 020 ## - INTERNATIONAL STANDARD BOOK NUMBER | |
| International Standard Book Number | 8471302160 |
| 035 ## - | |
| -- | 483 |
| 040 ## - CATALOGING SOURCE | |
| Original cataloging agency | UMA.DER |
| Modifying agency | vLex |
| 040 ## - CATALOGING SOURCE | |
| Original cataloging agency | UMA.RE |
| Modifying agency | vLex |
| 080 ## - | |
| -- | 34(460) |
| 080 ## - | |
| -- | 347(460) |
| 090 ## - | |
| -- | 2132 |
| -- | 2132 |
| 245 00 - TITLE STATEMENT | |
| Title | Comentarios al Código Civil y compilaciones forales |
| Medium | [Recurso electrónico] |
| Statement of responsibility, etc | dirigidos por Manuel Albaladejo |
| 256 ## - | |
| -- | Servicio en línea. |
| 260 ## - PUBLICATION, DISTRIBUTION, ETC. (IMPRINT) | |
| Place of publication, distribution, etc | Madrid : |
| Name of publisher, distributor, etc | EDERSA, |
| Date of publication, distribution, etc | 2000. |
| 300 ## - PHYSICAL DESCRIPTION | |
| Extent | p. ; |
| Dimensions | 22 cm |
| 505 0# - FORMATTED CONTENTS NOTE | |
| Title | Tomo VII, Vol. 8, Artículos 138 a 197 de la Ley Hipotecaria / |
| 506 1# - RESTRICTIONS ON ACCESS NOTE | |
| Terms governing access | Contenido solo disponible en los productos indicados |
| Authorized users | vLex Global |
| -- | vLex Global (Academic Edition, excluding Law Schools) |
| -- | vLex Global (U.S. Academic Edition, Law Schools) |
| -- | vLex Global (U.S. Academic Edition, excluding Law Schools) |
| -- | vLex Global (Academic Edition, Law Schools) |
| 650 07 - SUBJECT ADDED ENTRY--TOPICAL TERM | |
| Source of heading or term | Tesauro vLex |
| Topical term or geographic name as entry element | Civil |
| 650 07 - SUBJECT ADDED ENTRY--TOPICAL TERM | |
| Source of heading or term | Tesauro vLex |
| Topical term or geographic name as entry element | Código civil |
| 650 07 - SUBJECT ADDED ENTRY--TOPICAL TERM | |
| Source of heading or term | Tesauro vLex |
| Topical term or geographic name as entry element | Hipoteca |
| 650 07 - SUBJECT ADDED ENTRY--TOPICAL TERM | |
| Source of heading or term | Tesauro vLex |
| Topical term or geographic name as entry element | Inmobiliario y registral |
| 650 07 - SUBJECT ADDED ENTRY--TOPICAL TERM | |
| Source of heading or term | Tesauro vLex |
| Topical term or geographic name as entry element | Derecho hipotecario |
| 700 ## - ADDED ENTRY--PERSONAL NAME | |
| Personal name | Albaladejo García, Manuel, |
| Relator term | dir |
| 740 0# - | |
| -- | vLex Libros (Servicios en línea) |
| 856 40 - LOCALIZACIÓN Y ACCESO ELECTRÓNICO | |
| Identificador Uniforme del Recurso (URI/URL) | https://app.vlex.com/#/sources/483 |
| 942 ## - | |
| -- | RAA |
| 999 ## - | |
| -- | 160565 |
| -- | 160565 |
No hay ítems disponibles.